Canon Missae Pontificalis (Record no. 10932)
[ view plain ]
| 000 -CABECERA | |
|---|---|
| campo de control de longitud fija | 01281nam a22002777a 4500 |
| 001 - NÚMERO DE CONTROL | |
| campo de control | BRCA_9310 |
| 003 - IDENTIFICADOR DEL NÚMERO DE CONTROL | |
| campo de control | FranzMayer |
| 005 - FECHA Y HORA DE LA ÚLTIMA TRANSACCIÓN | |
| campo de control | 20230823120459.0 |
| 008 - DATOS DE LONGITUD FIJA--INFORMACIÓN GENERAL | |
| campo de control de longitud fija | 230811b |||||||| |||| 00| 0 eng d |
| 040 ## - FUENTE DE LA CATALOGACIÓN | |
| Centro catalogador/agencia de origen | MFM |
| Lengua de catalogación | esp |
| Centro/agencia transcriptor | MFM |
| 050 ## - SIGNATURA TOPOGRÁFICA DE LA BIBLIOTECA DEL CONGRESO | |
| Número de clasificación | BJ2549 |
| Número de documento/Ítem | 1715 (12-154) |
| 240 ## - TÍTULO UNIFORME | |
| Título uniforme | Canon Missae Pontificalis |
| Medio | Canon Missae ad usum episcoporum ac praelatorum solemniter, vel private celebratium |
| Lenguaje de la obra | Latín |
| 245 0# - MENCIÓN DE TÍTULO | |
| Título | Canon Missae Pontificalis |
| Resto del título | Canon Missae ad usum episcoporum ac praelatorum solemniter, vel private celebratium |
| 260 ## - PUBLICACIÓN, DISTRIBUCIÓN, ETC. | |
| Lugar de publicación, distribución, etc. | Venecia |
| Nombre del editor, distribuidor, etc. | Ex Typographia Balleoniana |
| Fecha de publicación, distribución, etc. | 1762 |
| 300 ## - DESCRIPCIÓN FÍSICA | |
| Extensión | 170 p |
| Otras características físicas | ilustraciones |
| Dimensiones | 41 cm |
| 500 ## - NOTA GENERAL | |
| Nota general | Cubierta dura, con tela ropa y con adornos de plata. El material también contiene cintas rojas |
| 500 ## - NOTA GENERAL | |
| Nota general | El material contiene partituras |
| 500 ## - NOTA GENERAL | |
| Nota general | Fondo antiguo |
| 500 ## - NOTA GENERAL | |
| Nota general | Ejemplar se encuentra en caja fuerte |
| 500 ## - NOTA GENERAL | |
| Nota general | 12-154 |
| 501 ## - NOTA DE "CON" | |
| Nota de “Con” | Fondo reservado: para su consulta es necesario credencial de usuario y carta motivos. |
| 505 ## - NOTA DE CONTENIDO CON FORMATO | |
| Nota de contenido con formato | Texto en: latínDirigido a: teólogos, músicos, personas pertenecientes a la iglesia cristiana/católica. |
| 650 1# - PUNTO DE ACCESO ADICIONAL DE MATERIA--TÉRMINO DE MATERIA | |
| Fuente del encabezamiento o término | Religión cristiana |
| Término de materia o nombre geográfico como elemento de entrada | La biblia |
| Subdivisión de forma | Teología |
| 9 (RLIN) | 29018 |
| 651 2# - PUNTO DE ACCESO ADICIONAL DE MATERIA--NOMBRE GEOGRÁFICO | |
| Fuente del encabezamiento o término | Libros cristianos |
| Nombre geográfico | Libros sobre la biblia |
| Subdivisión de forma | Libros teológicos |
| 9 (RLIN) | 29019 |
| 942 ## - ELEMENTOS DE PUNTO DE ACCESO ADICIONAL (KOHA) | |
| Fuente del sistema de clasificación o colocación | Library of Congress Classification |
| Tipo de ítem Koha | Libros |
| Estado de retiro | Estado de pérdida | Fuente del sistema de clasificación o colocación | Estado dañado | No para préstamo | Código de colección | Localización permanente | Ubicación/localización actual | Fecha de adquisición | Total de préstamos | Signatura topográfica completa | Código de barras | Fecha visto por última vez | Precio válido a partir de | Tipo de ítem Koha |
|---|---|---|---|---|---|---|---|---|---|---|---|---|---|---|
| El ejemplar forma parte de la colección y puede ser consultado según las políticas vigentes. | Library of Congress Classification | Libros Antiguos y Raros | Biblioteca del Museo Franz Mayer (Rogerio Casas-Alatriste) | Biblioteca del Museo Franz Mayer (Rogerio Casas-Alatriste) | 11/08/2023 | BJ2549 1715 (12-154) | LAR00196 | 11/08/2023 | 11/08/2023 | Libros |